| 000 | 01480ngm a2200361 4500 | ||
|---|---|---|---|
| 003 | dpl | ||
| 005 | 20090313142438.0 | ||
| 007 | DVD | ||
| 008 | ||||||sp199 xxu|||||c|||| 00| 0 eng d | ||
| 010 | _aDVD-001754-1755 | ||
| 024 |
_c199.00 _aMGM 2026 |
||
| 035 | _aDVD-001754-1755 | ||
| 040 |
_aDPL _cDPL |
||
| 082 | _aDVD / RAIN | ||
| 245 |
_aRain Man / _cUnited Artists Presents _h[videorecording] DVD/ |
||
| 260 | _bExcel Home Videos | ||
| 300 |
_a2 videodisc VCD; _bsd., col. ; _c4 3/4 in. _fVCD |
||
| 500 | _aThis DVD is Copy Protected | ||
| 500 | _aOscar Award Winner for "Best Picture 1988" | ||
| 538 | _aDolby Digital 5.1-English Subtitles: English | ||
| 538 | _aAspect Ratio: 2.35:1, Presentation type: Wide Screen, Presentation Size 16x9 Format DVD 9 Dual Layer Single Sided Disc. | ||
| 650 | _aMotion Picture | ||
| 700 | _aHoffman, Dustin | ||
| 700 | _aCruise, Tom | ||
| 700 | _aGolina, Valeria | ||
| 700 | _aZimmer, Hans | ||
| 700 | _aRandoom, Ida | ||
| 700 | _aGuber, Peter | ||
| 942 |
_cCF _2ddc _hDVD _mRAIN |
||
| 999 |
_c25176 _d25176 |
||